Arqueología de Teotihuacan: la cerámica

Salvato in:
Dettagli Bibliografici
Autore principale: Séjourné, Laurette (Autore)
Natura: Libro
Lingua:spagnolo
Pubblicazione: Ciudad de México Fondo de Cultura Económica 1966
Soggetti:
Tags: Aggiungi Tag
Nessun Tag, puoi essere il primo ad aggiungerne!!

MARC

LEADER 00000nam a2200000 a 4500
001 UCV8593
003 CL-VaPUC
008 911016e19660000MX |||||||||||||||||spa|d
082 0 4 |a 970.01  |b SEJ  |2 21 
100 0 |a Séjourné, Laurette  |e author  |9 302626 
245 1 0 |a Arqueología de Teotihuacan: la cerámica 
300 |a 262 p 
942 |c BK 
945 |d 19911016 00:00:00 
260 |a Ciudad de México  |b Fondo de Cultura Económica  |c 1966 
650 7 |a INDIOS ANTIGUEDADES  |2 CL-VaPUC  |9 266360 
650 0 |a Arqueología americana   |9 302624 
650 0 |a Antigüedades  |9 266390 
651 7 |a TEOTIHUACAN, MEXICO  |2 CL-VaPUC  |9 266888 
583 |a last modification  |c 19911016 00:00:00  |k Rodrigo Vera 
999 |c 214083  |d 214081 
952 |0 0  |1 0  |4 0  |6 970_010000000000000_SEJ_1966  |7 0  |8 A  |9 197134  |a BIBARQ  |b BIBARQ  |d 2019-11-14  |i 2648520  |o 970.01 SEJ 1966  |p 2648520  |r 2025-01-20  |w 2019-11-14  |y BK  |k ARQ